धूमिल की श्रेष्ठ कविताएँ / (Record no. 29229)

MARC details
000 -LEADER
fixed length control field 04231nam a22004337a 4500
005 - DATE AND TIME OF LATEST TRANSACTION
control field 20090817134939.0
010 ## - LCCN (DPL NO)
LC control number HIN-87752
020 ## - INTERNATIONAL STANDARD BOOK NUMBER
International Standard Book Number 9788180312953
Terms of availability 250.00
035 ## - SYSTEM CONTROL NUMBER
System control number HN-60098
035 ## - SYSTEM CONTROL NUMBER
System control number B-401674-686
037 ## - SOURCE OF ACQUISITION
Source of stock number/acquisition DBAD / PUB
037 ## - SOURCE OF ACQUISITION
Source of stock number/acquisition लोकभारती/ PUB
082 ## - DEWEY DECIMAL CLASSIFICATION NUMBER
Classification number 821
245 ## - TITLE STATEMENT
Title धूमिल की श्रेष्ठ कविताएँ /
Statement of responsibility, etc ब्रह्मदेव मिश्र एवं शिवकुमार मिश्र द्वारा संपादित
246 ## - VARYING FORM OF TITLE
Title proper/short title Dhumil ki shreshtha kavitaen
Remainder of title edited by Brahmdev Mishra and Shivkumar Mishra
260 ## - PUBLICATION, DISTRIBUTION, ETC. (IMPRINT)
Place of publication, distribution, etc इलाहाबाद
Name of publisher, distributor, etc लोकभारती प्रकाशन
Date of publication, distribution, etc 2009
270 ## - ADDRESS
Address पहली मंजिल, दरबारी बिल्डिंग, महात्मा गांधी मार्ग
City इलाहाबाद
Postal code 211001
Electronic mail address info@lokbharatiprakashan.com
300 ## - PHYSICAL DESCRIPTION
Extent 183पृ.
Dimensions 22सेमी (सजिल्द)
650 ## - SUBJECT ADDED ENTRY--TOPICAL TERM
Topical term or geographic name as entry element हिन्दी कविता
650 ## - SUBJECT ADDED ENTRY--TOPICAL TERM
Topical term or geographic name as entry element Hindi poetry
700 ## - ADDED ENTRY--PERSONAL NAME
Personal name मिश्र, ब्रह्मदेव
9 (RLIN) 14464
700 ## - ADDED ENTRY--PERSONAL NAME
Personal name मिश्र, शिवकुमार
9 (RLIN) 14465
942 ## - ADDED ENTRY ELEMENTS (KOHA)
Source of classification or shelving scheme Dewey Decimal Classification
Item type Hindi Books
Call number suffix धूमिल
Classification part 821
Holdings
Withdrawn status Lost status Not for loan Home library Current library Date acquired Source of acquisition Cost, normal purchase price Full call number Barcode Copy number Cost, replacement price Koha item type Collection code
      Andrews Gunj Andrews Gunj 17/08/2010 लोकभारती/2388/29.03.10/584/17.03.10/31.03.10 250.00 821 धूमिल B-401682 1 250.00 Hindi Books Non-fiction
      Central Library Central Library 17/08/2010 लोकभारती/2388/29.03.10/584/17.03.10/31.03.10 250.00 821 धूमिल B-401674 1 250.00 Hindi Books Non-fiction
    Not For Loan D.B.Act.Division D.B.Act.Division 17/08/2009 DBAD / PUB 250.00 821 धूमिल HN-60098 1 250.00 Hindi Books  
      Janak Puri Janak Puri 17/08/2010 लोकभारती/2388/29.03.10/584/17.03.10/31.03.10 250.00 821 धूमिल B-401679 1 250.00 Hindi Books Non-fiction
      Mobile Library Mobile Library 17/08/2010 लोकभारती/2388/29.03.10/584/17.03.10/31.03.10 250.00 821 धूमिल B-401675 2 250.00 Hindi Books Non-fiction
      Mobile Library Mobile Library 17/08/2010 लोकभारती/2388/29.03.10/584/17.03.10/31.03.10 250.00 821 धूमिल B-401676 2 250.00 Hindi Books Non-fiction
      Narela Narela 17/08/2010 लोकभारती/2388/29.03.10/584/17.03.10/31.03.10 250.00 821 धूमिल B-401685 1 250.00 Hindi Books Non-fiction
  Written-off vide DLB M. No. 383 dt 16.05.19   New Police Line New Police Line 17/08/2010 लोकभारती/2388/29.03.10/584/17.03.10/31.03.10 250.00 821 धूमिल B-401677 1 250.00 Hindi Books Non-fiction
      Patel Nagar Patel Nagar 17/08/2010 लोकभारती/2388/29.03.10/584/17.03.10/31.03.10 250.00 821 धूमिल B-401678 1 250.00 Hindi Books Non-fiction
      R.C.Libraries (zls) R.C.Libraries (zls) 17/08/2010 लोकभारती/2388/29.03.10/584/17.03.10/31.03.10 250.00 821 धूमिल B-401683 1 250.00 Hindi Books Non-fiction
      R.K.Puram-8 R.K.Puram-8 17/08/2010 लोकभारती/2388/29.03.10/584/17.03.10/31.03.10 250.00 821 धूमिल B-401681 1 250.00 Hindi Books Non-fiction
      Sarojini Nagar Sarojini Nagar 17/08/2010 लोकभारती/2388/29.03.10/584/17.03.10/31.03.10 250.00 821 धूमिल B-401680 1 250.00 Hindi Books Non-fiction
      Shahdara Branch Shahdara Branch 17/08/2010 लोकभारती/2388/29.03.10/584/17.03.10/31.03.10 250.00 821 धूमिल B-401686 1 250.00 Hindi Books Non-fiction
      Vinoba Puri Vinoba Puri 17/08/2010 लोकभारती/2388/29.03.10/584/17.03.10/31.03.10 250.00 821 धूमिल B-401684 1 250.00 Hindi Books Non-fiction

© Delhi Public Library
Hit Counter
free hit counter